000
00236nam a22000857a 4500
008
161201b xxu||||| |||| 00| 0 eng d
100
_9
1634
_a
Kumar. k
245
_a
Primary instraction in english main course
260
_a
New delhi
_b
Oxford
_c
2005
999
_c
4348
_d
4348